000 00801cam a2200241 a 4500
001 000007684
005 20240529124642.0
008 961002s1994 cu 001 f spa
020 _a9590400302
040 _aDO-SdBNP
_cDLC
082 _a869.4
_bO71s
100 1 _aOrlandi, Décio Tadeu,
_d1965-
_921296
245 1 3 _aEl santo /
_cDecio Tadeu Orlandi ; traducción Sergio Flores.
260 _aLa Habana :
_bCasa de las Américas,
_c1994.
300 _a129 p. ;
_c19 cm.
490 1 _aLiteratura brasileña
_anovela.
586 _aPremio Casa de las Améicas, 1994.
650 0 _aNovela brasileña
_913650
650 4 _aLiteratura brasileña
_ySIGLO XX
_94716
700 1 _aFlores, Sergio,
_etr.
_921297
830 0 _aLiteratura brasileña,
_pnovela.
_921298
910 _aCatalogación por copia / LC
999 _c7464
_d7464